Statistics for Super Smash Bros. Fighters #54 - The Palutena Quiz

Click here to take the quiz!

General Stats

  • This quiz has been taken 75 times
  • The average score is 8 of 15

Answer Stats

HintAnswer% Correct
Who else was revealed to be in
Super Smash Bros in Palutena's trailer?
Dark Pit
93%
What year was Kid Icarus, Palutena's first appearance, released?1986
91%
In Smash Bros, what is it called when
Palutena gives Pit tips on the character he's fighting?
Palutena's {Guidance}
86%
Palutena is the Goddess of what?Light
82%
Who was Pit fighting in the Palutena
reveal trailer for Super Smash Bros?
Link
82%
While Palutena is being controlled, who assists Pit in her absence?Viridi
79%
The name Palutena derives from the Greek goddess of wisdom and war.
Who is that?
Pallas Athena
75%
What weapons are named after Palutena?Palutena {Bow}
74%
Who did she used to co-rule with?Medusa
72%
Who was controlling Palutena during chapters 18-22 of Kid Icarus Uprising?Chaos Kin
37%
What weapons are named after Palutena?Palutena {Blade}
21%
What is the name of the short in which Palutena
attempts to prepare a meal, but it turns evil and tries to kill her?
Palutena’s Revolting Dinner
21%
The Japanese name of the series
- Parutena no Kagami -
translates to what in English?
{Mirror} of Palutena
14%
Where does Palutena rule over?Angel Land
12%
Who voices Palutena in Kid Icarus: Uprising?Ali Hillis
5%

Score Distribution

Percentile by Number Answered

Percent of People with Each Score

Your Score History

You have not taken this quiz